000 01100cam a2200313 i 4500
001 18088750
003 ARRUPE
005 20220421090016.0
008 140331s2014 nyua b 001 0 eng
010 _a 2014011046
020 _a9780147516312 (paperback)
020 _a9780525954187 (hardcover)
040 _aDLC
_beng
_erda
_cDLC
_dDLC
042 _apcc
050 0 0 _aBF323.D5
_bL49 2014
082 0 0 _a153.4/2
_223
100 1 _aLevitin, Daniel J.,
_eauthor.
_951355
245 1 4 _aThe organized mind :
_bthinking straight in the age of information overload /
_cDaniel J. Levitin.
260 _aGreat Britain
_bPenguin Books
_c2015
300 _axxvi, 496 pages :
_billustrations ;
_c24 cm
504 _aIncludes bibliographical references (pages 397-481) and index.
650 0 _aDistraction (Psychology)
_951356
650 0 _aAttention.
_951357
650 0 _aTime management.
_944259
650 0 _aOrderliness.
_951358
906 _a7
_bcbc
_corignew
_d1
_eecip
_f20
_gy-gencatlg
942 _2lcc
_cMONOGRAPH
999 _c131315
_d131315